LEADER 01396nam1 2200421 450 001 990002870820203316 005 20091223112106.0 010 $a88-02-07471-2 035 $a000287082 035 $aUSA01000287082 035 $a(ALEPH)000287082USA01 035 $a000287082 100 $a20070220d2006----km-y0itay50------ba 101 0 $aita 102 $aIT 105 $ay|||||||001yy 200 1 $aMorgante e opere minori$fLuigi Pulci$ga cura di Aulo Greco 210 $aTorino$cUTET libreria$d2006 215 $a2 v.$d19 cm 225 2 $aClassici italiani$v37 410 0$12001$aClassici italiani 463 \1$1001990002870830203316$12001 $a<<1:>> Morgante 1.-20. 463 \1$1001990002870840203316$12001 $a<<2:>> Morgante 21.-28., Lettere, Frottole e ballata, La giostra, La Beca, Sonetti, La confessione 676 $a851.2 700 1$aPULCI,$bLuigi$f<1432-1484>$0194113 702 1$aGRECO,$bAulo 801 0$aIT$bsalbc$gISBD 912 $a990002870820203316 951 $aVI.3. Coll. 122/ 4/$bL.M.$cVI.3. Coll. 959 $aBK 969 $aUMA 979 $aANNAMARIA$b90$c20070220$lUSA01$h1233 979 $aANNAMARIA$b90$c20070402$lUSA01$h1237 979 $aANNAMARIA$b90$c20070903$lUSA01$h1027 979 $aANNAMARIA$b90$c20091223$lUSA01$h1119 979 $aANNAMARIA$b90$c20091223$lUSA01$h1121 996 $aMorgante e opere minori$9483586 997 $aUNISA LEADER 01036nam0-22003731i-450- 001 990001000970403321 010 $a88-207-2059-0 010 $a88-207-2391-3 010 $a88-207-2392-1 035 $a000100097 035 $aFED01000100097 035 $a(Aleph)000100097FED01 035 $a000100097 100 $a20020409d19992000km-y0itay50------ba 101 0 $aita 102 $aIT 105 $aa-------001yy 200 1 $aFisica$fVittorio Silvestrini, Emilio Balzano, Claudia Silvestrini 210 $aNapoli$cLiguori$d1999-2000 215 $a3 v.$cill.$d29 cm 225 1 $aCollezione scolastica 610 0 $aFisica$aOpere generali 700 1$aSilvestrini,$bVittorio$f<1935- >$0359 701 1$aBalzano,$bEmilio$0346401 701 1$aSilvestrini,$bClaudia$0346402 801 0$aIT$bUNINA$gRICA$2UNIMARC 901 $aBK 912 $a990001000970403321 952 $a20A-184$b$fFI1 952 $a20A-184.001$b$fFI1 952 $a20A-184.002$b$fFI1 959 $aFI1 996 $aFisica$9354560 997 $aUNINA